000 00720nam a22002057a 4500
003 BD-DhUL
005 20180311112917.0
008 161030s1999 bg ||||| |||| 00| 0 ben
020 _a9844101190
040 _cBD-DhUL
_dBD-DhUL
082 _a891.443
_bALA
100 1 _aআলম, মশিউর
245 0 0 _aআমি শুধু মেয়েটিকে বাঁচাতে চেয়েছি /
_cমশিউর আলম
260 _aঢাকা :
_bমাওলা ব্রাদার্স,
_c১৯৯৯।
300 _a১৪০ পৃ. ;
_c২১ সেমি.
365 _aBDT
_b20
650 4 _aবাংলা উপন্যাস
650 4 _aBengali fiction
942 _2ddc
_cBK
999 _c239093
_d239093